000 00902nam a2200241 a 4500
001 947
003 BR-CuiBMT
005 20231123205203.0
008 231123s2009 mgba 001 0 por d
020 _a9788577001934
040 _aBR-CuiBMT
_cBR-CuiBMT
080 _22007
_a35.08
090 _a35.08
_bM528a
_c2. ed.
100 1 0 _aMelo, Frederico Jorge de Melo
245 _aAdmissão de pessoal no serviço público /
_cFrederico Jorge Gouveia de Melo, prefácio José Augusto Delgado.
250 _a2. ed., rev. e atua.
260 _aBelo Horizonte:
_bFórum,
_c2009.
500 _aProcedimentos, restrições e controles de acordo com a Lei de Responsabilidade Fiscal. Texto revisado e atualizado até a EC nº 51/2006.
504 _aInclui bibliografia e índice.
650 _aServidor público
_xcontratação
_zBrasil
650 _aLei de responsabilidade fiscal
_zBrasil
942 _2udc
_cLV
999 _c947
_d947